Moderné metódy oceňovania opcií v životnom poistení
Definovanie najrozšírenejších typov opcií a garancií v životnom poistení, s uvedením zoznamu metód používaných v súčasnosti na ich oceňovanie. Popis oceňovania dvoch finančných opcií – opcie podielu na výnosoch a opcie odkupnej hodnoty. Garancie a opcie v životnom poistení. Metódy oceňovania opcií a...
Na minha lista:
| Autor principal: | |
|---|---|
| Outros Autores: | |
| Formato: | Capítulo de Livro |
| Idioma: | eslovaco |
| Assuntos: | |
| Tags: |
Sem tags, seja o primeiro a adicionar uma tag!
|
MARC
| LEADER | 00000naa$a2200000$$$4500 | ||
|---|---|---|---|
| 001 | 0280816 | ||
| 005 | 20240502074348.5 | ||
| 041 | 0 | |a slo | |
| 044 | |a SK | ||
| 245 | 1 | 0 | |a Moderné metódy oceňovania opcií v životnom poistení |c Katarína Sakálová, Ingrid Krčová |
| 520 | |a Definovanie najrozšírenejších typov opcií a garancií v životnom poistení, s uvedením zoznamu metód používaných v súčasnosti na ich oceňovanie. Popis oceňovania dvoch finančných opcií – opcie podielu na výnosoch a opcie odkupnej hodnoty. Garancie a opcie v životnom poistení. Metódy oceňovania opcií a garancií v životnom poistení. Oceňovanie opcie podielu na výnosoch. Oceňovanie opcie odkupnej hodnoty. | ||
| 610 | 2 | 0 | |a poisťovníctvo |
| 610 | 2 | 0 | |a aktuári |
| 610 | 2 | 0 | |a metódy aktuárske |
| 610 | 2 | 0 | |a poistenie životné |
| 610 | 2 | 0 | |a poistenie garančné |
| 610 | 2 | 0 | |a opcie |
| 610 | 2 | 0 | |a výnosy |
| 610 | 2 | 0 | |a oceňovanie |
| 100 | 1 | |a Sakálová, Katarína, 1955- | |
| 700 | 1 | |a Krčová, Ingrid, 1969- | |